Loading...
Fine Arts - Painting & Sculpture | 0 | 9 | 2 | 0 | 80 | 36 | 82.44 | 6 | 8 |
Fine Arts - Classical Music | 0 | 9 | 2 | 0 | 80 | 53 | 89.00 | 4 | 9 |
Literature - British Literature | 0 | 7 | 0 | 1 | 70 | 65 | 98.86 | 2 | 7 |
Literature - European Literature | 0 | 7 | 0 | 0 | 70 | 82 | 101.86 | 6 | 7 |
Fine Arts - Other Fine Arts | 0 | 6 | 0 | 0 | 60 | 60 | 93.17 | 3 | 4 |
Literature - World Literature | 0 | 6 | 1 | 1 | 55 | 49 | 84.17 | 2 | 6 |
Mythology | 0 | 5 | 0 | 0 | 50 | 86 | 112.20 | 1 | 4 |
Literature - American Literature | 0 | 4 | 0 | 0 | 40 | 57 | 98.00 | 1 | 2 |
Social Science | 0 | 4 | 0 | 1 | 40 | 64 | 92.50 | 2 | 3 |
Science - Biology | 0 | 4 | 1 | 0 | 35 | 68 | 77.50 | 1 | 3 |
Science - Chemistry | 0 | 4 | 2 | 0 | 30 | 57 | 76.50 | 2 | 4 |
Philosophy | 0 | 3 | 0 | 0 | 30 | 87 | 110.33 | 1 | 3 |
Religion | 0 | 2 | 0 | 1 | 20 | 123 | 128.00 | 1 | 2 |
Other | 0 | 1 | 1 | 0 | 5 | 99 | 99.00 | 0 | 1 |
History - American History | 0 | 0 | 1 | 0 | -5 | 0.00 | 0 | 0 | |
Science - Physics | 0 | 0 | 1 | 0 | -5 | 0.00 | 0 | 0 | |
History - European History | 0 | 0 | 1 | 0 | -5 | 0.00 | 0 | 0 |